| 000 | 01087cam a2200265 a 4500 | ||
|---|---|---|---|
| 005 | 20160727122807.0 | ||
| 008 | 040603s2002 ck ad r 000 0 spa d | ||
| 020 | _a9589723500 | ||
| 040 |
_aCO-BoPUJ _cCO-BoIAVH _dCO-BoIAVH |
||
| 041 | 0 | _aspa | |
| 044 | _ack | ||
| 082 | 0 | 4 |
_a581.6 _bP71u |
| 245 | 0 | 0 |
_aPlantas útiles de Lagarto Cocha y Serranía de Churumbelo en el departamento de Putumayo / _cDairon Cárdenas López [y otros 4] |
| 250 | _aPrimera edición | ||
| 260 |
_aBogotá, Colombia : _bInstituto Amazónico de Investigaciones Científicas, _c2002. |
||
| 300 |
_a39 páginas : _bilustraciones, cuadros y fotos a color ; _c24 x 17 cm. |
||
| 504 | _aIncluye referencias bibliográficas: páginas 38-39. | ||
| 650 | 2 | 6 |
_aBotánica _zPutumayo (Colombia) |
| 650 | 2 | 6 |
_aPlantas medicinales _zPutumayo (Colombia) |
| 650 | 2 | 6 |
_aBotánica _xdescripción _xfitoquímica _yPutumayo (Colombia) |
| 700 | 1 |
_aCárdenas López, Dairón _eautor |
|
| 700 | 1 |
_aMarín Corba, César Augusto _eautor |
|
| 710 | 2 | _aColciencias | |
| 942 |
_2ddc _cLIBRO |
||
| 999 |
_c3717 _d3717 |
||